| 000 | 00346nam a22001337a 4500 | ||
|---|---|---|---|
| 003 | OSt | ||
| 005 | 20231127225846.0 | ||
| 008 | 231127b |||||||| |||| 00| 0 eng d | ||
| 040 | _cCO-JMCR | ||
| 082 |
_b809.89287 _2H37m |
||
| 100 |
_a Hernàndez Patricia _eautor _942959 |
||
| 245 |
_aMujeres Novelistas / _cPatricia Hernández |
||
| 942 |
_2ddc _cBK |
||
| 999 |
_c30361 _d16745 |
||